000 00807nam a2200277Ia 4500
001 Para_8874
003 CHAP
008 220125s1979 xx 000 0 und d
010 _a207637
040 _cCHAP
082 _aPA 595.789 K5
100 _aKlots, Alexander B.
_9174171
245 _aA fiel guide to the butterflies North America east of the Great Plains /
_c by Alexander B. Klots
260 _aBoston, Mass. :
_b Houghton Mifflin Company
300 _a349 p.
440 _aThe Peterson Fiel Guide Series
_9112693
650 _aLepidopteros
_x Catalogos
_9171097
650 _aMariposas
_971395
901 _aPA 595.789 K5
902 _aA
905 _a0000001979 ad 0000000000 00
910 _a1979
942 _cPARA
942 _cPARA
_d1
999 _c207637
_d207637